[Event "ENCI Limburg-open A"]
[Site "Maastricht"]
[Date "2010.05.24"]
[Round "7"]
[White "Nabuurs, Mart"]
[Black "Larmuseau, Maarten"]
[Result "1/2-1/2"]
[WhiteElo "2161"]
[BlackElo "2267"]
[PlyCount "68"]
[EventDate "2010.05.21"]
[EventType "swiss"]
[EventRounds "7"]
[EventCountry "NED"]
[Source "P.Boonen"]
[SourceDate "2010.10.01"]

1. e4 e6 2. Nf3 d5 3. e5 c5 4. b4 d4 5. bxc5 Bxc5 6. Ba3 Qa5 7. Bxc5 Qxc5 8. c3
Nc6 9. cxd4 Nxd4 10. Qa4+ Bd7 11. Qxd4 Qc1+ 12. Ke2 Bb5+ 13. Ke3 Bxf1 14. Qa4+
Kf8 15. Qb5 Bxb5 16. Rxc1 Ne7 17. Nd4 Bc6 18. Nxc6 Nxc6 19. d4 Rd8 20. Rc4 f6
21. f4 g5 22. g3 gxf4+ 23. gxf4 Rg8 24. Nc3 Rg2 25. Ne4 Rxh2 26. Nxf6 Ne7 27.
Rg1 Rh3+ 28. Kf2 b5 29. Rb4 a5 30. Rxb5 Rxd4 31. Rxa5 Rxf4+ 32. Ke1 Rh2 33.
Ra8+ Kf7 34. Rh8 Ng6 1/2-1/2

[Event "ENCI Limburg-open A"]
[Site "Maastricht"]
[Date "2010.05.24"]
[Round "7"]
[White "Nijs, Nils"]
[Black "Kirkebo, Carl Peter"]
[Result "1-0"]
[WhiteElo "2250"]
[BlackElo "2159"]
[PlyCount "81"]
[EventDate "2010.05.21"]
[EventType "swiss"]
[EventRounds "7"]
[EventCountry "NED"]
[Source "P.Boonen"]
[SourceDate "2010.10.01"]

1. d4 Nf6 2. c4 c5 3. d5 e6 4. Nc3 exd5 5. cxd5 d6 6. e4 g6 7. f4 Bg7 8. Bb5+
Nfd7 9. a4 O-O 10. Nf3 Na6 11. O-O Nb4 12. Re1 a6 13. Bf1 Re8 14. Be3 Nf6 15.
Bf2 Bg4 16. Rc1 Rc8 17. h3 Bxf3 18. Qxf3 Nd7 19. b3 Nf8 20. Bc4 f5 21. e5 dxe5
22. fxe5 Rxe5 23. d6+ Kh8 24. Rxe5 Bxe5 25. Qxb7 Qd7 26. Qf3 Qxd6 27. Rd1 Bd4
28. Nd5 Nc6 29. Bxa6 Rd8 30. Bc4 Ne6 31. Re1 Ng5 32. Qf4 Qxf4 33. Nxf4 Bxf2+
34. Kxf2 Ne4+ 35. Kg1 Nd4 36. a5 Nd2 37. Bd5 N2xb3 38. a6 Rd7 39. Bb7 Nb5 40.
Bc6 Ra7 41. Bxb5 1-0

[Event "ENCI Limburg-open A"]
[Site "Maastricht"]
[Date "2010.05.24"]
[Round "7"]
[White "Ondersteijn, Niels"]
[Black "Ducarmon, Quinten"]
[Result "1/2-1/2"]
[WhiteElo "2276"]
[BlackElo "2203"]
[PlyCount "39"]
[EventDate "2010.05.21"]
[EventType "swiss"]
[EventRounds "7"]
[EventCountry "NED"]
[Source "P.Boonen"]
[SourceDate "2010.10.01"]

1. e4 c5 2. Nc3 a6 3. f4 b5 4. g3 Bb7 5. Bg2 e6 6. d3 b4 7. Nce2 d5 8. Nh3 dxe4
9. Ng5 Nf6 10. Nxe4 Nxe4 11. Bxe4 Qc7 12. O-O Be7 13. Bxb7 Qxb7 14. Be3 O-O 15.
Nc1 Bf6 16. Rb1 Nd7 17. Nb3 Rac8 18. Na5 Qc7 19. Nc4 Nb6 20. Nxb6 1/2-1/2

[Event "ENCI Limburg-open A"]
[Site "Maastricht"]
[Date "2010.05.24"]
[Round "7"]
[White "Rendboe, John"]
[Black "Hamblok, Roel"]
[Result "0-1"]
[WhiteElo "2274"]
[BlackElo "2145"]
[PlyCount "64"]
[EventDate "2010.05.21"]
[EventType "swiss"]
[EventRounds "7"]
[EventCountry "NED"]
[Source "P.Boonen"]
[SourceDate "2010.10.01"]

1. d4 e6 2. c4 f5 3. Nc3 Nf6 4. g3 Be7 5. Bg2 O-O 6. Nf3 d6 7. O-O Ne4 8. Qc2
Nxc3 9. bxc3 Nc6 10. d5 Ne5 11. dxe6 Bxe6 12. Nd4 Bxc4 13. Nxf5 Bf6 14. Ne3 Be6
15. Rb1 Qe8 16. Bd2 Rb8 17. Nd5 Bd8 18. Be4 h6 19. Nf4 Bf7 20. Rb4 Nc6 21. Rbb1
Ne5 22. Rxb7 Rxb7 23. Bxb7 c6 24. Ba6 Bb6 25. Nd3 Bg6 26. Bf4 Rxf4 27. gxf4 Be4
28. Rb1 Qg6+ 29. Kf1 Qg2+ 30. Ke1 Bxd3 31. Bxd3 Qxf2+ 32. Kd1 Qg1+ 0-1

[Event "ENCI Limburg-open A"]
[Site "Maastricht"]
[Date "2010.05.24"]
[Round "7"]
[White "Richter, Goetz"]
[Black "Hoornstra, Hans"]
[Result "1-0"]
[WhiteElo "2080"]
[BlackElo "1978"]
[PlyCount "77"]
[EventDate "2010.05.21"]
[EventType "swiss"]
[EventRounds "7"]
[EventCountry "NED"]
[Source "P.Boonen"]
[SourceDate "2010.10.01"]

1. e4 c5 2. Nf3 Nc6 3. d4 cxd4 4. Nxd4 g6 5. c4 Bg7 6. Be3 Nf6 7. Nc3 Ng4 8.
Qxg4 Nxd4 9. Qd1 Ne6 10. Qd2 Qa5 11. Rc1 b6 12. Be2 Bb7 13. f3 d6 14. b3 g5 15.
Nb5 Qxd2+ 16. Kxd2 Kd7 17. Rhd1 Be5 18. g3 h5 19. Bg1 h4 20. Bf2 hxg3 21. hxg3
a6 22. Nc3 Bd4 23. Bxd4 Nxd4 24. Rh1 f5 25. Nd5 Bxd5 26. cxd5 e5 27. dxe6+ Kxe6
28. Bc4+ Ke5 29. exf5 Nxf3+ 30. Ke3 g4 31. Rhd1 Rad8 32. Rd5+ Kf6 33. Bxa6 Rh2
34. Rc6 Rxa2 35. Bd3 Re8+ 36. Kf4 Ne5 37. Rcxd6+ Kg7 38. Rxe5 Rf2+ 39. Ke4 1-0

[Event "ENCI Limburg-open A"]
[Site "Maastricht"]
[Date "2010.05.24"]
[Round "7"]
[White "Samraoui, Mekki"]
[Black "De Reymaeker, Walter"]
[Result "0-1"]
[WhiteElo "2126"]
[BlackElo "2028"]
[PlyCount "77"]
[EventDate "2010.05.21"]
[EventType "swiss"]
[EventRounds "7"]
[EventCountry "NED"]
[Source "P.Boonen"]
[SourceDate "2010.10.01"]

1. f4 g6 2. e4 Bg7 3. d4 e6 4. Nf3 Ne7 5. Be2 d6 6. O-O Nd7 7. c3 b6 8. Be3 Bb7
9. Nbd2 Nf6 10. e5 Ng4 11. Bf2 Nxf2 12. Rxf2 O-O 13. Bd3 Nd5 14. Ng5 dxe5 15.
Nxh7 Nxf4 16. Rxf4 exf4 17. Nxf8 Bxf8 18. Be4 Bxe4 19. Nxe4 f5 20. Nf2 Qd6 21.
Qf3 Rd8 22. Nd3 c5 23. Qxf4 cxd4 24. Qxd4 Qxd4+ 25. cxd4 Rxd4 26. Rd1 e5 27.
Nf2 Bc5 28. Kf1 Rf4 29. Rd2 e4 30. g3 Rxf2+ 31. Rxf2 Bxf2 32. Kxf2 Kf7 33. Ke3
Kf6 34. h4 Ke5 35. b4 b5 36. Ke2 Kd4 37. a3 a6 38. Kd2 e3+ 39. Ke2 0-1

[Event "ENCI Limburg-open A"]
[Site "Maastricht"]
[Date "2010.05.24"]
[Round "7"]
[White "Schleipfenbauer, Frank"]
[Black "Bomans, Arno"]
[Result "0-1"]
[WhiteElo "2110"]
[BlackElo "2187"]
[PlyCount "68"]
[EventDate "2010.05.21"]
[EventType "swiss"]
[EventRounds "7"]
[EventCountry "NED"]
[Source "P.Boonen"]
[SourceDate "2010.10.01"]

1. e4 c5 2. Nf3 d6 3. d4 cxd4 4. Nxd4 Nf6 5. Nc3 Nc6 6. Be2 e5 7. Nb3 Be7 8.
O-O O-O 9. f4 a5 10. a4 Be6 11. Be3 Nb4 12. Bf3 exf4 13. Bxf4 Nxc2 14. Qxc2
Qb6+ 15. Qf2 Qxf2+ 16. Rxf2 Bxb3 17. Rd2 Rfd8 18. Nb5 d5 19. Bc7 dxe4 20. Bxd8
Bxd8 21. Be2 Bb6+ 22. Kf1 Be3 23. Rd6 Bc5 24. Rxf6 gxf6 25. Nc3 f5 26. g4 Kh8
27. Bd1 Be6 28. gxf5 Bxf5 29. Ne2 Bh3+ 30. Ke1 Rd8 31. Nf4 Bc8 32. Bb3 Bb4+ 33.
Kf2 Rd2+ 34. Ke3 Rxb2 0-1

[Event "ENCI Limburg-open A"]
[Site "Maastricht"]
[Date "2010.05.24"]
[Round "7"]
[White "Scholzen, Wolfgang"]
[Black "Van Vliet, Dennis"]
[Result "1-0"]
[WhiteElo "2059"]
[BlackElo "2104"]
[PlyCount "89"]
[EventDate "2010.05.21"]
[EventType "swiss"]
[EventRounds "7"]
[EventCountry "NED"]
[Source "P.Boonen"]
[SourceDate "2010.10.01"]

1. e4 e6 2. d4 d5 3. Nc3 Nf6 4. Bg5 Be7 5. e5 Nfd7 6. Bxe7 Qxe7 7. Qg4 O-O 8.
f4 c5 9. Nf3 f6 10. O-O-O Nc6 11. Bd3 Nxd4 12. Nxd4 cxd4 13. Ne2 f5 14. Qf3 Nc5
15. Nxd4 Bd7 16. g4 g6 17. gxf5 gxf5 18. Rhg1+ Kh8 19. Rg5 Rg8 20. Rh5 Rg7 21.
Qe3 Ne4 22. Nf3 Qf7 23. Rh6 Rg6 24. Rh3 Rg7 25. Kb1 b6 26. c4 Bc6 27. Bxe4 fxe4
28. Nd4 Bb7 29. cxd5 Bxd5 30. Rh6 Rc8 31. Nb5 Rg2 32. Nc3 Qg7 33. Qh3 e3 34.
Nxd5 Rd2 35. Nxe3 Rcc2 36. Rxd2 Rxd2 37. a3 Re2 38. Qxe6 Qg1+ 39. Ka2 Rxe3 40.
Rf6 Qg8 41. Qxg8+ Kxg8 42. e6 Kg7 43. Rf7+ Kg6 44. f5+ Kg5 45. e7 1-0

[Event "ENCI Limburg-open A"]
[Site "Maastricht"]
[Date "2010.05.24"]
[Round "7"]
[White "Schroer, Marcel"]
[Black "Smith, Thijmen"]
[Result "1/2-1/2"]
[WhiteElo "2105"]
[BlackElo "2091"]
[PlyCount "48"]
[EventDate "2010.05.21"]
[EventType "swiss"]
[EventRounds "7"]
[EventCountry "NED"]
[Source "P.Boonen"]
[SourceDate "2010.10.01"]

1. e4 c5 2. Nf3 d6 3. d4 cxd4 4. Nxd4 Nf6 5. Nc3 a6 6. Bg5 e6 7. f4 Qb6 8. Qd2
Qxb2 9. Nb3 Qa3 10. Bxf6 gxf6 11. Be2 Be7 12. O-O Nd7 13. Kh1 Nc5 14. f5 h5 15.
fxe6 fxe6 16. Rf3 Nxb3 17. cxb3 Qa5 18. Qe3 Qe5 19. Rc1 Bd7 20. Na4 Bc6 21. Nb6
Rd8 22. Bd3 Qg5 23. Qe1 h4 24. h3 O-O 1/2-1/2

[Event "ENCI Limburg-open A"]
[Site "Maastricht"]
[Date "2010.05.24"]
[Round "7"]
[White "Schuh, Dirk"]
[Black "Beeke, Bobby"]
[Result "1/2-1/2"]
[WhiteElo "2344"]
[BlackElo "2210"]
[PlyCount "108"]
[EventDate "2010.05.21"]
[EventType "swiss"]
[EventRounds "7"]
[EventCountry "NED"]
[Source "P.Boonen"]
[SourceDate "2010.10.01"]

1. e4 c5 2. Nc3 Nc6 3. Bb5 Qc7 4. Nf3 e6 5. O-O Nge7 6. Re1 a6 7. Bxc6 Nxc6 8.
d4 cxd4 9. Nxd4 d6 10. Nxc6 bxc6 11. Na4 Be7 12. c4 O-O 13. b3 Bf6 14. Bb2 Bxb2
15. Nxb2 d5 16. exd5 cxd5 17. cxd5 Rd8 18. Rc1 Qb8 19. Nc4 Bb7 20. d6 Bd5 21.
Qg4 Bxc4 22. Rxc4 Qxd6 23. Rec1 g6 24. g3 Qd2 25. R1c2 Qd5 26. Qf4 Kg7 27. Rc5
Qd6 28. Qf3 Ra7 29. Qc3+ Qd4 30. Qxd4+ Rxd4 31. R2c4 Rad7 32. Rxd4 Rxd4 33. Rc6
a5 34. Ra6 Rd5 35. Kg2 g5 36. Ra7 h5 37. a4 Kg6 38. Rb7 g4 39. h3 f5 40. hxg4
hxg4 41. Kf1 Rd2 42. Ke1 Rb2 43. Rb5 Kf6 44. Kf1 Ke7 45. Rb6 e5 46. Kg1 Kf7 47.
Kf1 f4 48. gxf4 exf4 49. Kg1 Kg7 50. Kf1 f3 51. Kg1 Kf7 52. Rb5 Kf6 53. Rxa5
Rxb3 54. Kh2 Rb2 1/2-1/2

[Event "ENCI Limburg-open A"]
[Site "Maastricht"]
[Date "2010.05.24"]
[Round "7"]
[White "Schut, Lisa"]
[Black "Swinkels, Robin"]
[Result "1/2-1/2"]
[WhiteElo "2267"]
[BlackElo "2493"]
[PlyCount "84"]
[EventDate "2010.05.21"]
[EventType "swiss"]
[EventRounds "7"]
[EventCountry "NED"]
[Source "P.Boonen"]
[SourceDate "2010.10.01"]

1. e4 c5 2. Nf3 e6 3. d4 cxd4 4. Nxd4 Nc6 5. Nc3 Qc7 6. Be2 a6 7. O-O Nf6 8.
Be3 Bb4 9. Na4 Be7 10. Nxc6 bxc6 11. Nb6 Rb8 12. Nxc8 Qxc8 13. Bd4 Qc7 14. Bxa6
e5 15. Bc3 Nxe4 16. Qg4 Ng5 17. Bd3 Ne6 18. Kh1 Bf6 19. f4 exf4 20. Bxf6 gxf6
21. b3 Qa5 22. a4 h5 23. Qe2 Kf8 24. Rae1 Rg8 25. Be4 Rg5 26. Qd3 Qc7 27. Bf3
Kg7 28. Rd1 d5 29. Qc3 Re5 30. Rfe1 d4 31. Qxc6 Qxc6 32. Bxc6 Rc8 33. Be4 Rc3
34. b4 Rc4 35. Rb1 f5 36. Bd3 Rxb4 37. Bb5 Re3 38. Kg1 Rxb1 39. Rxb1 Ra3 40.
Rb4 Kf6 41. Bd3 Nc5 42. Rxd4 Ke5 1/2-1/2

[Event "ENCI Limburg-open A"]
[Site "Maastricht"]
[Date "2010.05.24"]
[Round "7"]
[White "Shchekachev, Andrei"]
[Black "Miroshnichenko, Evgenij"]
[Result "0-1"]
[WhiteElo "2549"]
[BlackElo "2684"]
[PlyCount "60"]
[EventDate "2010.05.21"]
[EventType "swiss"]
[EventRounds "7"]
[EventCountry "NED"]
[Source "P.Boonen"]
[SourceDate "2010.10.01"]

1. d4 Nf6 2. c4 e6 3. Nc3 Bb4 4. e3 O-O 5. Bd3 d5 6. Nf3 c5 7. O-O Nc6 8. a3
Bxc3 9. bxc3 Qc7 10. cxd5 exd5 11. a4 Re8 12. Ba3 c4 13. Bc2 Bg4 14. Qe1 Bh5
15. Nh4 Ng4 16. g3 Nd8 17. Ng2 Bg6 18. Bxg6 hxg6 19. f3 Nf6 20. Ra2 Qd7 21. Qd1
Re6 22. Bc1 Ra6 23. Rff2 Nc6 24. g4 Re8 25. Nf4 Na5 26. Rae2 Nb3 27. Bb2 g5 28.
Ng2 Qxa4 29. h4 gxh4 30. Nxh4 Nc5 0-1

[Event "ENCI Limburg-open A"]
[Site "Maastricht"]
[Date "2010.05.24"]
[Round "7"]
[White "Sinz, Bernhard"]
[Black "Hovhanisian, Mher"]
[Result "0-1"]
[WhiteElo "2226"]
[BlackElo "2482"]
[PlyCount "73"]
[EventDate "2010.05.21"]
[EventType "swiss"]
[EventRounds "7"]
[EventCountry "NED"]
[Source "P.Boonen"]
[SourceDate "2010.10.01"]

1. e4 e6 2. d4 d5 3. Nc3 h6 4. e5 c5 5. dxc5 Bxc5 6. Bd3 Nc6 7. Nf3 a6 8. O-O
Nge7 9. Re1 Nb4 10. Bf1 Nf5 11. a3 Nc6 12. Bd3 Nh4 13. g3 Nxf3+ 14. Qxf3 O-O
15. Qh5 f5 16. Bxh6 Qe7 17. Bg5 Qc7 18. Bf4 Bd7 19. Qd1 Bd4 20. Qd2 Rac8 21.
Nxd5 Qd8 22. c3 Ba7 23. Ne3 g5 24. Nc4 gxf4 25. Qxf4 Qe7 26. Nd6 Rc7 27. Rad1
Qg7 28. h3 Ne7 29. c4 Bc6 30. b4 Ng6 31. Qg5 Nxe5 32. Qxg7+ Rxg7 33. Rxe5 Rxg3+
34. Kf1 Rxh3 35. Ke1 Bd4 36. Bxf5 Rh1+ 37. Ke2 0-1

[Event "ENCI Limburg-open A"]
[Site "Maastricht"]
[Date "2010.05.24"]
[Round "7"]
[White "Skutta, Bernd"]
[Black "Hortensius, Lisa"]
[Result "1-0"]
[WhiteElo "2121"]
[BlackElo "2063"]
[PlyCount "101"]
[EventDate "2010.05.21"]
[EventType "swiss"]
[EventRounds "7"]
[EventCountry "NED"]
[Source "P.Boonen"]
[SourceDate "2010.10.01"]

1. d4 Nf6 2. Nf3 g6 3. c4 Bg7 4. Nc3 O-O 5. e4 d6 6. Be2 e5 7. O-O Nc6 8. Be3
Ng4 9. Bg5 f6 10. Bh4 g5 11. Bg3 Nh6 12. d5 Ne7 13. Nd2 f5 14. f3 f4 15. Bf2
Ng6 16. c5 Rf7 17. cxd6 cxd6 18. Rc1 Kh8 19. Nc4 a6 20. Nb6 Rb8 21. h3 Ng8 22.
Nca4 Nf6 23. Rc3 Bd7 24. Qc2 Bb5 25. Rc1 Nf8 26. Nc8 Ne8 27. Bxb5 axb5 28. Nab6
Nd7 29. Nxd7 Rxd7 30. Nb6 Re7 31. Rc8 Rxc8 32. Qxc8 Qxc8 33. Rxc8 Kg8 34. Kf1
Kf7 35. Na8 Rd7 36. Ke2 Bf6 37. Bb6 Ng7 38. Kd3 Re7 39. Nc7 Ne8 40. Nxb5 Rd7
41. a4 g4 42. hxg4 Bh4 43. Kc4 Be1 44. Nc7 Nxc7 45. Bxc7 Bf2 46. Kb5 Ke7 47. a5
Be3 48. b4 Bd2 49. Bb6 Be1 50. Ka4 Kf7 51. b5 1-0

[Event "ENCI Limburg-open A"]
[Site "Maastricht"]
[Date "2010.05.24"]
[Round "7"]
[White "Ten Hagen, Yorick"]
[Black "Bezemer, Arno"]
[Result "1/2-1/2"]
[WhiteElo "2215"]
[BlackElo "2343"]
[PlyCount "73"]
[EventDate "2010.05.21"]
[EventType "swiss"]
[EventRounds "7"]
[EventCountry "NED"]
[Source "P.Boonen"]
[SourceDate "2010.10.01"]

1. e4 c5 2. Nf3 d6 3. d4 cxd4 4. Nxd4 Nf6 5. Nc3 a6 6. h3 e5 7. Nb3 Be6 8. f4
exf4 9. Bxf4 Nc6 10. Qd2 Be7 11. Be2 O-O 12. O-O-O Ne5 13. Nd4 Rc8 14. Nf5 Bxf5
15. exf5 b5 16. g4 b4 17. Nd5 Nxd5 18. Qxd5 Bg5 19. Bxg5 Qxg5+ 20. Kb1 Rc6 21.
Qe4 Rb6 22. h4 Qd8 23. g5 a5 24. Rd5 a4 25. Rhd1 Qc7 26. Qd4 Rc8 27. Rd2 Rbb8
28. Rxd6 Re8 29. Qd5 Rbc8 30. g6 hxg6 31. fxg6 Nxg6 32. Rxg6 Rcd8 33. Rxg7+
Kxg7 34. Qg5+ Kf8 35. Qh6+ Kg8 36. Qg5+ Kf8 37. Qh6+ 1/2-1/2

[Event "ENCI Limburg-open A"]
[Site "Maastricht"]
[Date "2010.05.24"]
[Round "7"]
[White "Timmermans, Ivo"]
[Black "Driessens, Patrick"]
[Result "1/2-1/2"]
[WhiteElo "2216"]
[BlackElo "2357"]
[PlyCount "40"]
[EventDate "2010.05.21"]
[EventType "swiss"]
[EventRounds "7"]
[EventCountry "NED"]
[Source "P.Boonen"]
[SourceDate "2010.10.01"]

1. e4 e6 2. d4 d5 3. Nc3 Bb4 4. e5 c5 5. a3 cxd4 6. axb4 dxc3 7. Nf3 Ne7 8. Bd3
Qc7 9. O-O Nd7 10. Re1 Nc6 11. bxc3 Ndxe5 12. Nxe5 Nxe5 13. Bf4 f6 14. Bxe5
fxe5 15. Qh5+ Qf7 16. Bb5+ Kf8 17. Qxe5 Qf6 18. Qd6+ Qe7 19. Qe5 Qf6 20. Qd6+
Qe7 1/2-1/2

[Event "ENCI Limburg-open A"]
[Site "Maastricht"]
[Date "2010.05.24"]
[Round "7"]
[White "Van Gool, Henk"]
[Black "Mengerink, Ynze"]
[Result "1-0"]
[WhiteElo "2161"]
[BlackElo "2093"]
[PlyCount "70"]
[EventDate "2010.05.21"]
[EventType "swiss"]
[EventRounds "7"]
[EventCountry "NED"]
[Source "P.Boonen"]
[SourceDate "2010.10.01"]

1. d4 d5 2. Nf3 c5 3. e3 cxd4 4. exd4 Nc6 5. Be2 Qc7 6. Nc3 Nf6 7. Nb5 Qb6 8.
Bf4 e5 9. Nxe5 a6 10. Nxc6 axb5 11. Ne5 Be7 12. O-O Bf5 13. c3 O-O 14. Qb3 Ra5
15. a3 Be6 16. Be3 Rc8 17. f4 g6 18. g4 Bd6 19. Qd1 Nd7 20. Nxd7 Bxd7 21. f5
Qc7 22. h3 Bc6 23. Qd2 Qe7 24. fxg6 fxg6 25. Bg5 Qd7 26. Bd3 Bf8 27. Rae1 Re8
28. Rxe8 Qxe8 29. Re1 Qf7 30. Bf4 Ra8 31. Be5 Re8 32. Rf1 Qd7 33. Qg5 Re6 34.
Bf5 Rxe5 35. dxe5 d4 1-0

[Event "ENCI Limburg-open A"]
[Site "Maastricht"]
[Date "2010.05.24"]
[Round "7"]
[White "Van Laatum, Maarten"]
[Black "Bus, Tom"]
[Result "1/2-1/2"]
[WhiteElo "2042"]
[BlackElo "2185"]
[PlyCount "35"]
[EventDate "2010.05.21"]
[EventType "swiss"]
[EventRounds "7"]
[EventCountry "NED"]
[Source "P.Boonen"]
[SourceDate "2010.10.01"]

1. e4 c5 2. Nf3 Nc6 3. d4 cxd4 4. Nxd4 Nf6 5. Nc3 d6 6. Be2 e5 7. Nb3 Be7 8.
O-O O-O 9. Be3 Be6 10. f4 d5 11. exd5 Nxd5 12. Nxd5 Qxd5 13. Qxd5 Bxd5 14. Rad1
Rad8 15. fxe5 Nxe5 16. Bxa7 Bc4 17. Bxc4 Nxc4 18. Bd4 1/2-1/2

[Event "ENCI Limburg-open A"]
[Site "Maastricht"]
[Date "2010.05.24"]
[Round "7"]
[White "Von Meijenfeldt, Bart"]
[Black "Vandenbergen, Nicolas"]
[Result "1-0"]
[WhiteElo "2044"]
[BlackElo "2098"]
[PlyCount "73"]
[EventDate "2010.05.21"]
[EventType "swiss"]
[EventRounds "7"]
[EventCountry "NED"]
[Source "P.Boonen"]
[SourceDate "2010.10.01"]

1. e4 c5 2. Nc3 Nc6 3. f4 g6 4. Nf3 Bg7 5. Bb5 Nd4 6. O-O Nxb5 7. Nxb5 d6 8. d3
Bd7 9. Nc3 e6 10. Be3 Ne7 11. d4 Qc7 12. Qd2 c4 13. d5 exd5 14. Bd4 Bxd4+ 15.
Qxd4 Qc5 16. Qxc5 dxc5 17. Nxd5 Nxd5 18. exd5 O-O 19. Rf2 f6 20. Nd2 b5 21. Ne4
Bf5 22. Nxc5 Rfd8 23. Ne6 Rd6 24. Nc7 Rb8 25. Re1 Rd7 26. Ne8 Kf7 27. Rfe2 Bxc2
28. d6 Bf5 29. Re7+ Rxe7 30. Rxe7+ Kf8 31. Nxf6 Rd8 32. Nxh7+ Kg8 33. d7 Rxd7
34. Nf6+ Kf8 35. Rxd7 Bxd7 36. Nxd7+ Ke7 37. Ne5 1-0

[Event "ENCI Limburg-open A"]
[Site "Maastricht"]
[Date "2010.05.24"]
[Round "7"]
[White "Vrancken, Gilbert"]
[Black "Baekelant, Eva"]
[Result "1-0"]
[WhiteElo "2165"]
[BlackElo "2016"]
[PlyCount "67"]
[EventDate "2010.05.21"]
[EventType "swiss"]
[EventRounds "7"]
[EventCountry "NED"]
[Source "P.Boonen"]
[SourceDate "2010.10.01"]

1. e4 e6 2. d4 d5 3. e5 c5 4. c3 Nc6 5. Nf3 Qb6 6. Bd3 cxd4 7. cxd4 Bd7 8. O-O
Nxd4 9. Nxd4 Qxd4 10. Nc3 a6 11. Qe2 Ne7 12. Kh1 Nc6 13. Be3 Qxe5 14. f4 Qd6
15. Rad1 Be7 16. f5 Qe5 17. Qf3 d4 18. Bf4 Qa5 19. Ne4 e5 20. Bd2 Qd8 21. Bc4
Rf8 22. Rc1 Qc8 23. Qh5 Kd8 24. Bxf7 Kc7 25. f6 gxf6 26. Nxf6 Bxf6 27. Rxf6 Kb8
28. Bb4 Rh8 29. Bd6+ Ka7 30. Bd5 Be8 31. Qh6 Qg4 32. h3 Qe2 33. Bc5+ Kb8 34.
Rxc6 1-0

[Event "ENCI Limburg-open A"]
[Site "Maastricht"]
[Date "2010.05.24"]
[Round "7"]
[White "Woestenburg, Jochem"]
[Black "Heltzel, Joost"]
[Result "0-1"]
[WhiteElo "2019"]
[BlackElo "2265"]
[PlyCount "60"]
[EventDate "2010.05.21"]
[EventType "swiss"]
[EventRounds "7"]
[EventCountry "NED"]
[Source "P.Boonen"]
[SourceDate "2010.10.01"]

1. e4 c5 2. Nf3 g6 3. c3 Bg7 4. d4 cxd4 5. cxd4 d5 6. e5 Bg4 7. Nc3 Nc6 8. Bb5
Rc8 9. O-O e6 10. Qb3 Bxf3 11. gxf3 Nh6 12. Ne2 Nf5 13. Bf4 O-O 14. Bxc6 bxc6
15. Rfc1 f6 16. Rc3 fxe5 17. Bxe5 Bxe5 18. dxe5 Qg5+ 19. Kh1 Nh4 20. Rg1 Qxe5
21. Re3 Qf6 22. f4 Rb8 23. Qa4 Nf5 24. Re5 Rxb2 25. Re1 Ng7 26. Qxc6 Rxa2 27.
Qb7 Qh4 28. Kg1 Rxf4 29. Qc8+ Rf8 30. Qc5 d4 0-1

[Event "ENCI Limburg-open A"]
[Site "Maastricht"]
[Date "2010.05.24"]
[Round "7"]
[White "Zimmermann, Luc"]
[Black "Favier, Alain"]
[Result "1-0"]
[WhiteElo "2057"]
[BlackElo "2097"]
[PlyCount "73"]
[EventDate "2010.05.21"]
[EventType "swiss"]
[EventRounds "7"]
[EventCountry "NED"]
[Source "P.Boonen"]
[SourceDate "2010.10.01"]

1. e4 c5 2. c3 d5 3. exd5 Qxd5 4. d4 Nc6 5. Nf3 Bg4 6. dxc5 Qxd1+ 7. Kxd1 e5 8.
b4 e4 9. h3 O-O-O+ 10. Nbd2 Bh5 11. g4 Bg6 12. Nh4 Be7 13. Nxg6 hxg6 14. Kc2 f5
15. gxf5 gxf5 16. Nc4 Nh6 17. Rg1 Bf6 18. Nd6+ Kc7 19. a3 Rhf8 20. Bg5 Rd7 21.
Bb5 Be5 22. Nc4 Nf7 23. Nxe5 Nfxe5 24. Bf4 Re7 25. Bxc6 Kxc6 26. Bxe5 Rxe5 27.
Rxg7 f4 28. Rd1 Rf6 29. Rdd7 b5 30. Rxa7 e3 31. fxe3 fxe3 32. Ra6+ Kd5 33. Rd7+
Ke4 34. Rxf6 e2 35. Kd2 e1=Q+ 36. Kxe1 Ke3 37. Rdd6 1-0

[Event "ENCI Limburg-open A"]
[Site "Maastricht"]
[Date "2010.05.24"]
[Round "7"]
[White "Zult, Daan"]
[Black "Henrichs, Thomas"]
[Result "0-1"]
[WhiteElo "2235"]
[BlackElo "2482"]
[PlyCount "78"]
[EventDate "2010.05.21"]
[EventType "swiss"]
[EventRounds "7"]
[EventCountry "NED"]
[Source "P.Boonen"]
[SourceDate "2010.10.01"]

1. c4 g6 2. g3 Bg7 3. Bg2 c5 4. d3 Nc6 5. Nc3 d6 6. e4 e6 7. Nge2 Nge7 8. Be3
Nd4 9. Rb1 Nec6 10. a3 b6 11. b4 Bb7 12. O-O Qd7 13. f4 O-O 14. Qd2 Rad8 15.
Kh1 f5 16. Bf2 Ne7 17. Nxd4 cxd4 18. Ne2 e5 19. Rfc1 fxe4 20. dxe4 Rc8 21. Rc2
Ba6 22. b5 Bb7 23. Nc1 Qe6 24. Nd3 Bh6 25. Nb4 exf4 26. Qxd4 Bg7 27. Qd2 Bxe4
28. Re1 Bxg2+ 29. Kxg2 f3+ 30. Kg1 Qh3 31. Bd4 Rxc4 32. Rxc4 Bxd4+ 33. Rxd4 f2+
34. Qxf2 Rxf2 35. Kxf2 Qxh2+ 36. Kf3 Nf5 37. Rg4 Qd2 38. Re8+ Kf7 39. Ra8 Qd1+
0-1

[Event "ENCI Limburg-open B"]
[Site "Maastricht"]
[Date "2010.05.21"]
[Round "1"]
[White "Begri, Felix"]
[Black "Lenaerts, Lennert"]
[Result "1/2-1/2"]
[WhiteElo "1905"]
[BlackElo "1758"]
[PlyCount "119"]
[EventDate "2010.05.21"]
[EventType "swiss"]
[EventRounds "7"]
[EventCountry "NED"]
[Source "P.Boonen"]
[SourceDate "2010.10.01"]

1. d4 Nf6 2. c4 c5 3. d5 b5 4. Bg5 g6 5. Bxf6 exf6 6. e4 bxc4 7. Bxc4 Qb6 8.
Qc2 Ba6 9. Nd2 Bh6 10. Bxa6 Nxa6 11. a3 Bxd2+ 12. Qxd2 Rb8 13. Rb1 O-O 14. Ne2
Rfe8 15. O-O Rxe4 16. Nc3 Rd4 17. Qe2 Nc7 18. Qf3 Kg7 19. Rfe1 Re8 20. Rxe8
Nxe8 21. Qe3 Nc7 22. Qf3 Qd6 23. Re1 a6 24. h3 Nxd5 25. Ne2 Qe5 26. Kf1 Re4 27.
g3 f5 28. Qd3 c4 29. Qd2 h5 30. Rd1 Nf6 31. Nc3 h4 32. Nxe4 Nxe4 33. Qd4 Qxd4
34. Rxd4 hxg3 35. fxg3 Nxg3+ 36. Kg2 Ne4 37. Rxd7 c3 38. bxc3 Nxc3 39. Ra7 Ne4
40. Rxa6 Kf8 41. Rc6 Ke8 42. a4 Kd7 43. Rc1 Kd6 44. a5 Nc5 45. Ra1 Kc7 46. Rb1
f4 47. Kf3 g5 48. Kg4 f6 49. Kf5 f3 50. Kxf6 Ne4+ 51. Kf5 Nd2 52. Rc1+ Kb7 53.
Kxg5 f2 54. h4 Nf3+ 55. Kg4 Ne1 56. a6+ Kb6 57. a7 f1=Q 58. a8=Q Qe2+ 59. Kf5
Qh5+ 60. Ke6 1/2-1/2

[Event "ENCI Limburg-open B"]
[Site "Maastricht"]
[Date "2010.05.21"]
[Round "1"]
[White "Bieberle, Gerhart"]
[Black "Taverniers, Peter"]
[Result "1-0"]
[WhiteElo "1947"]
[BlackElo "1783"]
[PlyCount "71"]
[EventDate "2010.05.21"]
[EventType "swiss"]
[EventRounds "7"]
[EventCountry "NED"]
[Source "P.Boonen"]
[SourceDate "2010.10.01"]

1. d4 Nf6 2. c4 e5 3. dxe5 Ng4 4. Nf3 Nc6 5. Bf4 Bb4+ 6. Nc3 Qe7 7. Qd5 f6 8.
exf6 Bxc3+ 9. bxc3 Nxf6 10. Qd3 d6 11. e3 O-O 12. Be2 Ne4 13. O-O Bf5 14. Nd4
Nxd4 15. Qxd4 g5 16. Bg3 Nc5 17. Bf3 Be4 18. Bxe4 Qxe4 19. Qd5+ Qxd5 20. cxd5
Rf5 21. c4 Raf8 22. f3 h5 23. Bf2 g4 24. e4 R5f7 25. Bxc5 dxc5 26. fxg4 hxg4
27. Rxf7 Rxf7 28. Rf1 Kg7 29. h4 Rf6 30. Rxf6 Kxf6 31. Kf2 b5 32. cxb5 Ke5 33.
Ke3 c4 34. h5 c3 35. h6 c2 36. Kd2 1-0